[Event "56.SMM B SC Taufers-Klausen/Rk 2"]
[Site "?"]
[Date "2025.02.08"]
[Round "7.1"]
[White "Schrott, Johann"]
[Black "Holzer, Philipp"]
[Result "1/2-1/2"]
[WhiteElo "1860"]
[BlackElo "1905"]
[PlyCount "50"]
[EventDate "2025.??.??"]
[SourceVersionDate "2025.02.10"]

{[%evp 0,50,20,25,18,18,24,16,8,27,18,7,42,4,44,6,8,-4,39,6,16,22,24,14,22,16,52,45,38,37,39,33,57,60,51,50,73,72,73,54,74,62,75,36,37,37,39,40,35,29,27,39,33]} 1. e4 e5 2. Nf3 Nf6 3. Nc3 Nc6 4. Bc4 Bb4 5. O-O d6 6. d3 h6 7. h3 O-O 8. Ne2 Na5 9. Bb3 Nxb3 10. axb3 Bc5 11. Ng3 Be6 12. Qe2 Kh7 13. Be3 Bb6 14. Nd2 c6 15. Nc4 Qc7 16. Nxb6 axb6 17. f4 exf4 18. Bxf4 Qe7 19. Bd2 Nd7 20. d4 Qh4 21. Kh2 Rxa1 22. Rxa1 Nf6 23. Qf3 d5 24. e5 Ne4 25. Nxe4 dxe4 1/2-1/2

[Event "56.SMM B SC Taufers-Klausen/Rk 2"]
[Site "Sand in Taufers"]
[Date "2025.02.08"]
[Round "7.5"]
[White "Senn, Stefan"]
[Black "Haidacher, Gerold"]
[Result "1/2-1/2"]
[WhiteElo "1640"]
[BlackElo "1853"]
[PlyCount "129"]
[EventDate "8.??.??"]

{[%evp 0,129,30,-2,-7,-30,-3,2,4,4,24,41,14,2,4,-12,-17,-16,-16,-2,-4,-39,30,2,5,-1,3,-12,-23,-18,-24,-19,11,11,1,-17,4,-21,51,5,40,-7,3,-8,1,15,14,-52,29,-2,-12,-5,1,0,24,-54,-32,-59,19,9,-6,-5,22,0,7,13,22,0,31,33,37,38,74,62,62,65,78,91,109,47,71,-72,-54,-34,-35,-33,-33,-87,-65,-64,-60,-60,-48,-97,-81,-70,-68,-92,-87,-111,-96,-102,-108,-100,-101,-129,-79,-135,-129,-139,-120,-139,-114,-112,-63,-93,-92,-85,-47,-80,-13,-33,-27,-27,-27,-27,-27,-50,-50,-43,-43,-43]} 1. c4 Nf6 2. Nc3 e6 3. e4 d5 4. e5 d4 5. exf6 dxc3 6. fxg7 cxd2+ 7. Qxd2 Qxd2+ 8. Bxd2 Bxg7 9. O-O-O Nc6 10. Nf3 Bd7 11. Be2 O-O-O 12. Be3 h6 13. Rd2 e5 14. Rhd1 f5 15. g3 Bf6 16. h4 Be6 17. Rxd8+ Nxd8 18. Nd2 Bd7 19. Nb3 Ba4 20. Rd3 b6 21. c5 Ne6 22. cxb6 axb6 23. Rc3 e4 24. Ba6+ Kb8 25. Rc4 Bxb3 26. axb3 Be5 27. Kc2 Rd8 28. Bxh6 Nd4+ 29. Kb1 Nxb3 30. Rc2 Nc5 31. Bb5 Nb3 32. Bc4 Nd4 33. Rd2 c5 34. Be3 Kc7 35. h5 Kc6 36. h6 b5 37. Bf7 Rf8 38. Bh5 Ra8 39. Bd1 Rh8 40. f4 exf3 41. Bxd4 cxd4 42. Bxf3+ Kd6 43. g4 fxg4 44. Bxg4 Rxh6 45. Kc2 Rh4 46. Bf3 Kc5 47. Kd3 Kb4 48. Bd1 Rh3+ 49. Kc2 Kc5 50. Rd3 Rh2+ 51. Rd2 Rh1 52. Kb3 Bf4 53. Rd3 Be3 54. Bc2 Rh2 55. Bd1 Bc1 56. Bc2 Re2 57. Rd1 Bf4 58. Rd3 Bd2 59. Bd1 Re3 60. Rxe3 dxe3 61. Be2 b4 62. Kc2 Kd4 63. b3 Ke5 64. Kd3 Kf4 65. Bd1 1/2-1/2

[Event "56.SMM B Sparkasse Team-ASD Arci BZ 3"]
[Site "?"]
[Date "2025.02.08"]
[Round "7.1"]
[White "Gheser, Amir"]
[Black "Valente, Luca"]
[Result "1/2-1/2"]
[WhiteElo "1817"]
[BlackElo "1728"]
[PlyCount "74"]
[EventDate "2025.??.??"]
[SourceVersionDate "2025.02.10"]

{[%evp 0,74,19,38,72,63,69,59,56,36,27,26,28,-43,-28,-32,-27,-12,-11,-11,-11,-4,-1,-23,2,-14,-25,-30,-15,-17,-13,-23,-7,0,0,0,3,-39,-49,-61,-61,-78,-55,-57,-61,-62,-59,-62,-78,-56,-63,-69,-78,-73,-66,-66,-65,-92,-73,-75,-87,-165,-103,-128,-52,-109,-79,-82,-69,-73,-73,-108,-103,-103,-97,-103,-103]} 1. e4 c6 2. d4 d5 3. exd5 cxd5 4. Bd3 Nc6 5. c3 Nf6 6. h3 e5 7. dxe5 Nxe5 8. Nf3 Nxd3+ 9. Qxd3 Bd6 10. O-O O-O 11. Bg5 h6 12. Bxf6 Qxf6 13. Nbd2 Rd8 14. Nd4 Be6 15. Rad1 Bd7 16. N2f3 a6 17. Rfe1 Re8 18. Nh2 Bxh2+ 19. Kxh2 Qxf2 20. Rf1 Qe3 21. Qc2 Qe5+ 22. Kh1 Qe4 23. Qf2 Qg6 24. Ne2 Rxe2 25. Qxe2 Bb5 26. Qe7 Bxf1 27. Rxf1 b5 28. Qb7 Rd8 29. Qe7 Rf8 30. a4 Qe6 31. Qb4 Qe4 32. Rf4 Qxb4 33. Rxb4 bxa4 34. Rxa4 Rb8 35. Rxa6 Rxb2 36. Rd6 Rc2 37. Rxd5 Rxc3 1/2-1/2

[Event "56.SMM B Sparkasse Team-ASD Arci BZ 3"]
[Site "?"]
[Date "2025.02.08"]
[Round "7.3"]
[White "Addante, Francesco"]
[Black "Spornberger, Peter"]
[Result "1-0"]
[WhiteElo "1805"]
[BlackElo "1711"]
[PlyCount "44"]
[EventDate "2025.??.??"]
[SourceVersionDate "2025.02.10"]

{[%evp 0,44,39,27,28,5,24,17,16,-4,15,-61,-39,-55,-39,-1,-5,2,85,111,25,56,42,28,-30,-44,-31,-38,-34,-28,-37,-56,43,16,82,81,81,88,97,23,71,66,67,53,177,190,473]} 1. e4 e5 2. Nc3 Nf6 3. Bc4 Nc6 4. d3 Bc5 5. f4 d6 6. Nf3 Bg4 7. Na4 Bb6 8. c3 d5 9. Nxb6 axb6 10. exd5 Nxd5 11. Qe2 O-O 12. O-O Re8 13. Qe4 Nf6 14. Qe3 e4 15. Ng5 Re7 16. Nxe4 Nd5 17. Qg3 f5 18. Nf2 Bh5 19. d4 Be2 20. Bxe2 Rxe2 21. Nd3 Qf8 22. Qf3 Re7 1-0

[Event "56.SMM B Deutschnofen/A 2-Richter/L. 2"]
[Site "?"]
[Date "2025.02.08"]
[Round "7.2"]
[White "Hofer, Alois"]
[Black "Pangrazzi, Marco"]
[Result "0-1"]
[WhiteElo "1804"]
[BlackElo "2169"]
[PlyCount "78"]
[EventDate "2024.11.09"]

1. c4 Nf6 2. Nc3 g6 3. g3 Bg7 4. Bg2 O-O 5. Nf3 c6 6. O-O d6 7. d3 e5 8. a3 Qe7 9. e4 Nbd7 10. h3 Ne8 11. Nh4 f5 12. f4 exf4 13. Bxf4 fxe4 14. Nxe4 Bxb2 15. Ra2 Bd4+ 16. Kh2 Ne5 17. Re2 Ng7 18. Ng5 Ne6 19. Nxe6 Bxe6 20. Re4 c5 21. Nf3 Bf5 22. Re2 Nxf3+ 23. Bxf3 Qd7 24. Rfe1 Bxh3 25. Re7 Qf5 26. Qe2 g5 27. Bd5+ Kh8 28. Bxd6 Bg4 29. Be5+ Bxe5 30. Qxe5+ Qxe5 31. R1xe5 Rf2+ 32. Kg1 Raf8 33. Re1 h5 34. Rxb7 Rd2 35. Be4 Re8 36. Rh7+ Kg8 37. Rxa7 Kh8 38. Rh7+ Kg8 39. Rb7 Kh8 0-1

[Event "56.SMM B SSV Naturns-Steinegg/Rk"]
[Site "?"]
[Date "2025.02.08"]
[Round "7.1"]
[White "Engl, Stefan"]
[Black "Unterthurner, Hans"]
[Result "1-0"]
[WhiteElo "2004"]
[BlackElo "1954"]
[PlyCount "43"]
[EventDate "2025.??.??"]

{[%evp 0,43,29,38,49,25,45,-9,40,35,42,28,55,30,52,52,63,53,49,49,63,45,48,63,67,78,63,50,126,169,394,386,421,429,418,436,456,410,580,583,582,586,960,960,29995,29996]} 1. e4 e6 2. d4 d5 3. Bd3 c5 4. exd5 exd5 5. Nf3 Bd6 6. O-O Ne7 7. dxc5 Bxc5 8. Nc3 Nbc6 9. h3 h6 10. a3 O-O 11. Bf4 a6 12. Qd2 Bd6 13. Rad1 Be6 14. Bxh6 gxh6 15. Qxh6 Nf5 16. Bxf5 Bxf5 17. Rxd5 Bg6 18. Rfd1 Be7 19. Rxd8 Rfxd8 20. Nd5 Re8 21. Re1 Rad8 22. Rxe7 1-0

[Event "56.SMM B SSV Naturns-Steinegg/Rk"]
[Site "?"]
[Date "2025.02.08"]
[Round "7.2"]
[White "Gurschler, Gregor"]
[Black "Pichler, Martin"]
[Result "0-1"]
[WhiteElo "1833"]
[BlackElo "1930"]
[PlyCount "60"]
[EventDate "2025.??.??"]

{[%evp 0,60,38,14,88,43,63,17,-1,9,41,-1,5,-25,1,-22,-9,-56,-54,-44,-38,-48,-56,-44,-19,-39,17,17,59,9,83,62,62,62,69,69,168,161,162,165,160,152,153,123,137,137,201,176,227,166,413,291,363,257,365,37,31,55,32,51,55,-742,-746]} 1. d4 g6 2. Nf3 Bg7 3. e3 Nf6 4. Bd3 d6 5. Nbd2 O-O 6. c4 Nbd7 7. b4 e5 8. Rb1 Re8 9. dxe5 dxe5 10. Qc2 Qe7 11. e4 Nh5 12. O-O h6 13. c5 Nf8 14. Nc4 g5 15. g3 Ng6 16. Be2 g4 17. Nfd2 Nhf4 18. gxf4 Nxf4 19. Nb3 Qh4 20. Bxf4 exf4 21. f3 g3 22. Bd3 Re6 23. e5 b5 24. cxb6 Ba6 25. Nd4 Bxc4 26. Bxc4 Rxe5 27. Nb3 cxb6 28. Qg2 Rae8 29. Rfd1 Re3 30. Bd5 Re2 0-1

[Event "56.SMM B SSV Naturns-Steinegg/Rk"]
[Site "?"]
[Date "2025.02.08"]
[Round "7.3"]
[White "Engl, Alexander"]
[Black "Nägele, Norbert"]
[Result "1-0"]
[WhiteElo "1906"]
[BlackElo "1887"]
[PlyCount "63"]
[EventDate "2025.??.??"]

{[%evp 0,63,14,-22,-3,-29,21,-49,-36,-34,-18,-37,-24,-14,1,10,22,8,34,20,23,13,-4,-9,9,-7,49,16,64,59,58,76,66,55,92,27,62,16,15,40,17,29,62,47,24,34,61,80,147,141,220,210,213,172,197,147,195,212,640,655,674,693,1307,29982,29983,29984]} 1. f4 g6 2. Nf3 Bg7 3. g3 d5 4. Bg2 c5 5. O-O Nc6 6. d3 d4 7. Na3 Nh6 8. Nc4 Qc7 9. Bd2 O-O 10. Qe1 Be6 11. Rb1 Bd5 12. a3 a5 13. e4 dxe3 14. Nxe3 Ba2 15. Ra1 Be6 16. Bc3 Nd4 17. Qd2 Rfd8 18. Qf2 Nhf5 19. Nxf5 Bxf5 20. Rae1 Nxf3+ 21. Qxf3 Bxc3 22. bxc3 Rab8 23. g4 Bc8 24. f5 Qd6 25. fxg6 Qxg6 26. h3 Be6 27. Qf4 b6 28. Re5 Kf8 29. Rg5 Qf6 30. Qe3 Qxc3 31. Qxe6 Qd4+ 32. Kh1 1-0

[Event "56.SMM B SSV Naturns-Steinegg/Rk"]
[Site "?"]
[Date "2025.02.08"]
[Round "7.4"]
[White "Nägele, Raimund"]
[Black "Lantschner, Carmen"]
[Result "0-1"]
[WhiteElo "1758"]
[BlackElo "1799"]
[PlyCount "70"]
[EventDate "2025.??.??"]

{[%evp 0,70,21,16,89,80,87,18,27,34,39,37,37,7,41,61,33,29,38,29,31,41,83,12,-1,-23,-39,-47,-45,-67,-54,-85,-85,-85,-49,-82,-60,-108,-100,-138,-121,-220,-219,-221,-135,-214,-149,-149,-111,-111,-105,-118,-112,-148,-106,-127,-116,-136,-132,-156,-160,-181,-163,-197,-156,-163,-132,-187,-151,-197,-194,-329,-338]} 1. d4 d6 2. Nf3 g6 3. g3 Nf6 4. Bg2 Bg7 5. O-O O-O 6. c4 d5 7. cxd5 Nxd5 8. e4 Nb6 9. Nc3 Bg4 10. d5 Qc8 11. Qc2 c6 12. Bf4 cxd5 13. Rac1 dxe4 14. Qxe4 Nc6 15. a3 Bf5 16. Qe2 Rd8 17. Rfd1 Qe6 18. Qb5 Qc4 19. Rxd8+ Rxd8 20. Bc7 Qxb5 21. Nxb5 Rd7 22. Bxb6 axb6 23. Nc3 Nd4 24. Nxd4 Bxd4 25. Rd1 e5 26. Kf1 Kf8 27. Bf3 Be6 28. Be2 f5 29. Bf3 Ke7 30. Rc1 Bc4+ 31. Ke1 Ke6 32. g4 Bb3 33. g5 Bc5 34. Be2 Rd4 35. Bf3 Rf4 0-1

[Event "56.SMM B SSV Naturns-Steinegg/Rk"]
[Site "?"]
[Date "2025.02.08"]
[Round "7.5"]
[White "Schroffenegger, Simon"]
[Black "Gurschler, Thomas"]
[Result "0-1"]
[WhiteElo "1753"]
[BlackElo "1897"]
[PlyCount "77"]
[EventDate "2025.??.??"]

{[%evp 0,77,28,28,96,5,32,19,17,-2,-7,3,42,1,8,5,42,-11,20,2,22,-4,88,37,110,43,34,52,52,-52,88,70,17,-11,-35,-32,-32,-109,-73,-188,-150,-190,-205,-217,-208,-268,-187,-183,-181,-287,-210,-292,-291,-296,-239,-239,-240,-239,-240,-348,-241,-286,-302,-455,-490,-489,-456,-466,-294,-301,-290,-412,-468,-517,-518,-515,-527,-553,-534,-1696]} 1. e4 g6 2. f4 Bg7 3. Nf3 d5 4. e5 Nh6 5. d4 f6 6. Bd3 O-O 7. O-O Bg4 8. Be3 Bxf3 9. Rxf3 e6 10. c4 c6 11. Nc3 a6 12. a4 Ng4 13. Bc1 fxe5 14. fxe5 Nh6 15. cxd5 cxd5 16. Rh3 Nf5 17. Qg4 Nc6 18. Ne2 Qb6 19. a5 Nxa5 20. Bxf5 Rxf5 21. Be3 Nc4 22. Rf1 Nxe3 23. Rxe3 Rxe5 24. Rff3 Rf5 25. Rb3 Qa5 26. Rfc3 Raf8 27. h3 b5 28. Ng3 R5f6 29. Ra3 Qb4 30. Rab3 Qd6 31. Rf3 Rxf3 32. Rxf3 Rxf3 33. gxf3 a5 34. Ne2 a4 35. Kf2 b4 36. Ke3 a3 37. bxa3 bxa3 38. Nc3 Qb6 39. Qg2 0-1